Statistiques concernant Villes de France par lettre - D (Carte Quiz)

Cliquez ici pour prendre le quiz!

Statistiques générales

  • Ce quiz a été pris 11 098 fois
    (9 932 depuis la dernière actualisation)
  • Le résultat moyen est 10 sur 18

Réponses sur la Carte

Les réponses sont colorées sur une échelle allant du rouge au vert en fonction du pourcentage des utilisateurs qui les ont devinées à leur premier essai. Vous pouvez retrouver ces pourcentages ci-dessous.
 

Statistiques - réponses

Réponse% Correct
Dunkerque
87%
Dijon
82%
Deauville
74%
Drancy
68%
Dzaoudzi
68%
Dax
65%
Douai
60%
Dieppe
57%
Digne-les-Bains
55%
Dol-de-Bretagne
54%
Doué-en-Anjou
54%
Draguignan
54%
Dreux
51%
Dinan
50%
Douarnenez
46%
Dole
37%
Ducos
34%
Die
31%

Distribution des résultats

Percentile par nombre de réponses

% des personnes avec chaque résultat

Votre développement - résultats

Vous n’avez pas pris ce quiz depuis la dernière actualisation